El jubón de terciopelo : novela /

Guardado en:
Detalles Bibliográficos
Autor principal: Street, James (autor)
Formato: Libro
Idioma:Español
Publicado: Buenos Aires, Argentina : Emecé, 1954, c1954
Colección:(Grandes Novelistas Emecé)
Temas:
Etiquetas: Agrega una etiqueta
Sin etiquetas, Sé el primero en etiquetar este registro!

MARC

LEADER 00000nam^a2200000^a^4500
001 000261692
005 20250521000000.0
009 20260310110518.459
037 |a Acervo Xavier Clavigero 
041 |a ESP 
082 |a 813.  |b STR 
100 |a Street, James  |e (autor) 
245 1 3 |a El jubón de terciopelo :  |b novela /  |c J. Street ; tr. por J.R. Wilcock. 
264 4 |a Buenos Aires, Argentina :  |b Emecé,  |c 1954, c1954 
300 |a 403 p. 
336 |a texto  |b txt  |2 rdacontenido 
337 |a sin mediación  |b n  |2 rdamedio 
338 |a volumen  |b nc  |2 rdasoporte 
440 1 |a (Grandes Novelistas Emecé) 
500 |a Traducción de: The Velvet Doublet 
649 |a XX 
650 |a Novela Norteamericana 
650 |a Literatura Norteamericana -  |y Siglo XX 
910 |a Fondo General 
920 |a Impresos - Libros 
930 |a Colección General 
940 |a Literatura 
905 |a 101 
901 |a 048947  |b IT1  |c LIT  |u 20250521 
902 |a https://opac.biblio.iteso.mx/vufind/Record/000261692